000 00437cam a22001691 4500
001 unk82069788
003 DLC
005 20260227112800.0
008 821215s1930 nyu 000 0 eng
010 _aunk82069788
040 _aDLC
_cCarP
_dDLC
050 0 0 _aPN81
_b.K3 1970
100 1 _aKames, Henry Home,
_cLord,
_d1696-1782.
245 0 0 _aElements of criticism.
260 _aNew York :
_bG. Gims,
_c1930.
300 _a5 v. ;
_c20 cm.
999 _c91401
_d91401